| 000 | 01188cam a2200373 4500 | ||
|---|---|---|---|
| 008 | 090401t1987 xxu||||| |||| 00| 0 eng d | ||
| 020 | _a0198545665 | ||
| 035 | _a(Sirsi) u25480 | ||
| 041 | _aeng | ||
| 050 |
_a333.73 _c18 |
||
| 100 | _aBridges, E. M. | ||
| 245 | _aSurveying derelict land | ||
| 260 |
_aOxford _bClarendon Press _c1987 |
||
| 300 |
_aviii,137p. _bill. _c25cm |
||
| 350 | _a40 | ||
| 490 |
_aOxford Science Monographs on Soil and Resources Survey _v13 |
||
| 505 | _aClassification of derelict land | ||
| 505 | _aDerelict land and patterns of contamination | ||
| 505 | _aComponents of derelict and contaminated land | ||
| 505 | _aSurvey and assessment | ||
| 505 | _aDesign for restoration | ||
| 505 | _aThe legal framework for reclamation of derelict land | ||
| 505 | _aCase histories | ||
| 520 | _aPresents a methodology for the survey and assessment of derelict and contaiminated land. | ||
| 650 | _aDOCKLANDS | ||
| 650 | _aLONDON | ||
| 650 | _aRISING SUN SITE | ||
| 650 | _aSWANSEA | ||
| 650 | _aSWINDON | ||
| 650 | _aTHAMESMEAD | ||
| 690 | _aPROPERTY-RURAL AND NATURAL ASSETS-LAND-CONTAMINATED LAND | ||
| 942 | _n0 | ||
| 948 | _c04/03/1997 | ||
| 999 |
_c88749 _d88749 |
||